| Поле | Название | Значение |
| |
Тип записи |
a |
| |
Библиографический уровень |
m |
| 001 |
Контрольный номер |
RU/URAIT/583233 |
| 005 |
Дата корректировки |
20260429163621.7 |
| 008 |
Кодируемые данные |
260429s2026 RU y f j 000 0 rus u |
| 020 |
Индекс ISBN |
__ |
| a |
ISBN |
978-5-534-17928-6 |
| c |
Цена, тираж |
2449.00 |
| 040 |
Источник каталогиз. |
__ |
| a |
Служба первич. каталог. |
ИКО Юрайт |
| c |
Служба, преобразующая запись |
ИКО Юрайт |
| e |
Правила каталог. |
RCR |
| 041 |
Код языка издания |
__ |
| a |
Код языка текста |
rus |
| 044 |
Код страны публикации |
__ |
| a |
Код страны публикации |
RU |
| 080 |
Индекс УДК |
__ |
| a |
Индекс УДК |
502.34(075.8) |
| 084 |
Индекс другой классификации/Индекс ББК |
__ |
| 2 |
Источник индекса |
rubbk |
| a |
Индекс другой классификации/Индекс ББК |
67.407я73 |
| 100 |
Автор |
__ |
| a |
Автор |
Боголюбов С. А. |
| q |
Полное имя |
Боголюбов Сергей Александрович |
| 245 |
Заглавие |
__ |
| a |
Заглавие |
Правовые основы природопользования и охраны окружающей среды |
| b |
Продолж. заглавия |
учебник и практикум для вузов |
| c |
Ответственность |
С. А. Боголюбов, Е. А. Позднякова. |
| 250 |
Сведения об издании |
__ |
| g |
|
пер. и доп |
| a |
Основные сведения об издании |
5-е изд. |
| 256 |
Характеристики компьютерного файла |
__ |
| a |
Характеристики компьютерного файла |
Электрон. дан. |
| 260 |
Выходные данные |
__ |
| a |
Место издания |
Москва |
| b |
Издательство |
Юрайт |
| c |
Дата издания |
2026 |
| 300 |
Физическое описание |
__ |
| a |
Объем |
479 с |
| 440 |
Серия |
__ |
| a |
Серия |
Высшее образование |
| 500 |
Примечания |
__ |
| a |
Примечание |
URL: https://urait.ru/bcode/583233 (дата обращения: 29.04.2026). |
| 520 |
Аннотация |
__ |
| a |
Аннотация |
В учебном курсе излагаются законодательные требования, приводятся примеры из жизни, наглядные схемы, рекомендуемая литература, сведения об организации рационального земле-, недро-, лесо-, водопользования, охране животного мира и атмосферного воздуха. Рассматриваются актуальные вопросы экономико-правовой системы и организационно-правового механизма регулирования природопользования и охраны окружающей среды, а также уровень реализации экологических прав и обязанностей физических, юридических лиц, государства и его должностных лиц, формы юридической ответственности за экологические правонарушения. В правовые основы природопользования и охраны окружающей среды входят способы их информационного обеспечения, методы экологического аудита, нормирования, сертификации, оценка воздействия проектов на окружающую среду, экологическая экспертиза, объявление отдельных территорий зонами экологического неблагополучия. Уделяется внимание вопросам предоставления земельных участков для строительства, лицензированию добычи полезных ископаемых, аренде лесных участков, использованию водных объектов, принадлежащих на праве частной собственности. Соответствуют актуальным требованиям федерального государственного образовательного стандарта высшего образования. Для студентов (бакалавров, магистров) правовых (юридических) и других факультетов экономических, технических и иных высших учебных заведений. |
| 538 |
Прим. о системных особенностях |
__ |
| a |
Прим. о системных особенностях |
Режим доступа: Электронно-библиотечная система Юрайт, для авториз. пользователей |
| 653 |
Ключевые слова |
__ |
| a |
Ключевые слова |
Земельное право. Экологическое право |
| 653 |
Ключевые слова |
__ |
| a |
Ключевые слова |
Юридические науки |
| 653 |
Ключевые слова |
__ |
| a |
Ключевые слова |
Экологическое право |
| 653 |
Ключевые слова |
__ |
| a |
Ключевые слова |
Правовые основы природопользования и охраны окружающей среды |
| 653 |
Ключевые слова |
__ |
| a |
Ключевые слова |
Природоресурсное право |
| 653 |
Ключевые слова |
__ |
| a |
Ключевые слова |
Правовые основы охраны окружающей среды |
| 653 |
Ключевые слова |
__ |
| a |
Ключевые слова |
Основы природопользования: экономические и правовые аспекты |
| 653 |
Ключевые слова |
__ |
| a |
Ключевые слова |
Природоохранное законодательство |
| 653 |
Ключевые слова |
__ |
| a |
Ключевые слова |
Правовые основы рационального природопользования |
| 653 |
Ключевые слова |
__ |
| a |
Ключевые слова |
Правовые основы оценки земель |
| 653 |
Ключевые слова |
__ |
| a |
Ключевые слова |
Экологическая безопасность: правовые основы |
| 653 |
Ключевые слова |
__ |
| a |
Ключевые слова |
Оценка воздействия на окружающую среду (ОВОС) и экологическая экспертиза |
| 653 |
Ключевые слова |
__ |
| a |
Ключевые слова |
Правовые основы пользования животным миром |
| 653 |
Ключевые слова |
__ |
| a |
Ключевые слова |
Нормативно-правовые основы охраны окружающей среды |
| 653 |
Ключевые слова |
__ |
| a |
Ключевые слова |
Основы природоохранного законодательства |
| 653 |
Ключевые слова |
__ |
| a |
Ключевые слова |
Экологическое право, экспертиза и природоохранная деятельность |
| 653 |
Ключевые слова |
__ |
| a |
Ключевые слова |
Основы законодательства о земле и недрах |
| 653 |
Ключевые слова |
__ |
| a |
Ключевые слова |
Экономические и правовые аспекты природопользования |
| 653 |
Ключевые слова |
__ |
| a |
Ключевые слова |
Экологические, экономические и правовые основы природопользования |
| 653 |
Ключевые слова |
__ |
| a |
Ключевые слова |
Природоохранные мероприятия в системе земельных отношений |
| 653 |
Ключевые слова |
__ |
| a |
Ключевые слова |
Экологическая экспертиза, оценка воздействия на окружающую среду (ОВОС) и сертификация |
| 700 |
Другие авторы |
__ |
| a |
Другие авторы |
Позднякова Е. А. |
| q |
Полное имя |
Позднякова Елена Александровна |
| 856 |
Электронный адрес документа |
40 |
| n |
Местонахождение сервера |
Юрайт |
| g |
|
Электронная книга |
| q |
Тип электронного формата |
html |
| h |
Имя пользователя |
ЮРАЙТ |
| v |
Часы доступа к ресурсу |
20271231 |
| 2 |
Способ доступа |
Показать документ |
| x |
Служебное примечание |
https://urait.ru/book/cover/53CCDCF4-CB8D-4737-82BA-E7E9B97AFD37 |
| u |
URL |
https://urait.ru/bcode/583233 |
| 856 |
Электронный адрес документа |
48 |
| q |
Тип электронного формата |
cover |
| u |
URL |
https://urait.ru/book/cover/53CCDCF4-CB8D-4737-82BA-E7E9B97AFD37 |
| 911 |
|
__ |
| u |
|
0030=https://urait.ru/bcode/583233 |
| 911 |
|
__ |
| u |
|
073a=9785534179286 |
| u |
|
073d=2449.00 |
| 911 |
|
__ |
| u |
|
106a=s |
| 911 |
|
__ |
| u |
|
900l= |
| 952 |
Тип литературы |
__ |
| i |
Дисциплина |
Экологическое право |
| 952 |
Тип литературы |
__ |
| i |
Дисциплина |
Правовые основы природопользования и охраны окружающей среды |
| 952 |
Тип литературы |
__ |
| i |
Дисциплина |
Природоресурсное право |
| 952 |
Тип литературы |
__ |
| i |
Дисциплина |
Правовые основы охраны окружающей среды |
| 952 |
Тип литературы |
__ |
| i |
Дисциплина |
Основы природопользования: экономические и правовые аспекты |
| 952 |
Тип литературы |
__ |
| i |
Дисциплина |
Природоохранное законодательство |
| 952 |
Тип литературы |
__ |
| i |
Дисциплина |
Правовые основы рационального природопользования |
| 952 |
Тип литературы |
__ |
| i |
Дисциплина |
Правовые основы оценки земель |
| 952 |
Тип литературы |
__ |
| i |
Дисциплина |
Экологическая безопасность: правовые основы |
| 952 |
Тип литературы |
__ |
| i |
Дисциплина |
Оценка воздействия на окружающую среду (ОВОС) и экологическая экспертиза |
| 952 |
Тип литературы |
__ |
| i |
Дисциплина |
Правовые основы пользования животным миром |
| 952 |
Тип литературы |
__ |
| i |
Дисциплина |
Нормативно-правовые основы охраны окружающей среды |
| 952 |
Тип литературы |
__ |
| i |
Дисциплина |
Основы природоохранного законодательства |
| 952 |
Тип литературы |
__ |
| i |
Дисциплина |
Экологическое право, экспертиза и природоохранная деятельность |
| 952 |
Тип литературы |
__ |
| i |
Дисциплина |
Основы законодательства о земле и недрах |
| 952 |
Тип литературы |
__ |
| i |
Дисциплина |
Экономические и правовые аспекты природопользования |
| 952 |
Тип литературы |
__ |
| i |
Дисциплина |
Экологические, экономические и правовые основы природопользования |
| 952 |
Тип литературы |
__ |
| i |
Дисциплина |
Природоохранные мероприятия в системе земельных отношений |
| 952 |
Тип литературы |
__ |
| i |
Дисциплина |
Экологическая экспертиза, оценка воздействия на окружающую среду (ОВОС) и сертификация |